| 000 | 00851nam a2200205Ia 4500 | ||
|---|---|---|---|
| 001 | Z_4247 | ||
| 008 | 220601s9999 xx 000 0 und d | ||
| 090 | _aTesis C 1634 | ||
| 100 |
_aCuevas López, Víctor Hugo _930168 |
||
| 245 | _aProducción de gas durante la digestión cecal del conejo in vitro de las fibras de heno de alfalfa y paja de cebada tratada con hidroxido de sodio / por Víctor Hugo Cuevas López | ||
| 260 | _aChapingo, Méx. : El autor | ||
| 300 | _a68 h. | ||
| 502 | _aTesis (Ing. Agr. Esp. en Zootecnia) -- UACH. Departamento de Zootecnia | ||
| 650 |
_a1. Conejos - Nutrición 2. Paja de cebada 3. Hidroxido de sodio 4. Fermentación 5. Conejos - AlimentaciónÌ _9181175 |
||
| 901 | _aTESIS C 1634 | ||
| 902 | _aM | ||
| 905 | _a0000002002 0000000000 00 | ||
| 942 | _c2 | ||
| 999 |
_c216928 _d216928 |
||